000 01104cam a2200349 a 4500
001 9107
003 FISKH
005 20251121095051.0
008 010827s2002 nyua a 000 1 eng
010 _a 2001005210
020 _a0805068481
_qalk. paper
020 _a9780439611978
020 _a9780805068481
_q(alk. paper)
035 _a12515342
040 _aDLC
_cDLC
_dDLC
_beng
050 _aPZ7.F5994 A
082 _a428.1
100 1 _aFleming, Denise,
_d1950-
245 1 0 _aAlphabet under construction /
_cDenise Fleming.
260 _aNew York :
_bHenry Holt,
_c2002.
300 _a32 unnumbered pages :
_bcolor illustrations ;
_c28 cm
505 _aC
520 _aA mouse works his way through the alphabet as he folds the "F," measures the "M," and rolls the "R."
521 8 _a150
_bLexile
521 8 _aC
_bRaz-Plus
650 1 _aMice
_vFiction.
650 1 _aAlphabet
_vFiction.
655 7 _aFiction.
_2lcgft
_0https://id.loc.gov/authorities/genreForms/gf2014026339
906 _a7
_bcbc
_corignew
_d1
_eecip
_f20
_gy-gencatlg
942 _2ddc
_cBK
_n0
999 _c9107
_d9107